000 00784nam a22002057a 4500
999 _c19764
_d19764
003 AR-CdUCM
008 190521b ||||| |||| 00| 0 spa d
040 _aMUNICIPALIDAD PROVINCIAL DEL CUSCO
_cBIBLIOTECA MUNICIPAL DEL CUSCO
082 _a985.413 /
_bP22
100 _aRodríguez Amézquita, Salvador
_941332
245 _aMonografía de la villa de Pampacolca :
_bcuna del precursor Don Juan Pablo Viscardo y Guzmán /
260 _aArequipa :
_bMiranda,
_c1971.
300 _a341 páginas ;
_c22 cm.
505 _aContenido: Geografía e historia -- Otros aspectos de la villa de pampacolca -- Genealogía y proceso de mestizaje...
650 _aPampacolca
_941333
650 _aHistoria
_9136
650 _aArequipa
_91703
942 _2ddc
_cLIBROS
945 _adavv
_d2019-05-21